Μάρκετινγκ Υπηρεσιών / τ.Α'. (Record no. 5084)
[ view plain ]
| 000 -LEADER | |
|---|---|
| fixed length control field | 01749cam a22002054a 4500 |
| 005 - ΗΜΕΡΟΜΗΝΙΑ ΚΑΙ ΩΡΑ ΤΕΛΕΥΤΑΙΑΣ ΕΝΗΜΕΡΩΣΗΣ | |
| Πεδίο ελέγχου | 20250605164204.0 |
| 008 - FIXED-LENGTH DATA ELEMENTS--GENERAL INFORMATION | |
| Πεδίο ελέγχου σταθερού μήκους | 250528s ||||||||||||||||||||||||d |
| 035 ## - SYSTEM CONTROL NUMBER | |
| System control number | 19838 |
| 020 ## - ISBN | |
| ISBN | 960351120Χ |
| 040 ## - ΠΗΓΗ ΚΑΤΑΛΟΓΟΓΡΑΦΗΣΗΣ | |
| Φορέας πρωτότυπης καταλογογράφησης | MC Athens Campus Library |
| Γλώσσα καταλογογράφησης | Ελληνικά, Μοντέρνα (1453-) |
| Modifying agency | MC Athens Campus Library |
| Κανόνες περιγραφικής καταλογογράφησης | AACR2 |
| 245 1# - ΤΙΤΛΟΣ ΚΑΙ ΔΗΛΩΣΗ ΥΠΕΥΘΥΝΟΤΗΤΑΣ | |
| Τίτλος | Μάρκετινγκ Υπηρεσιών / τ.Α'. |
| 260 ## - PUBLICATION, DISTRIBUTION, ETC. | |
| Name of publisher, distributor, etc. | Σταμούλης, |
| Date of publication, distribution, etc. | 1996 |
| 300 ## - PHYSICAL DESCRIPTION | |
| Extent | 214 |
| 505 0# - FORMATTED CONTENTS NOTE | |
| Formatted contents note | Η Εμφάνιση και Ανάπτυξη του Μάρκετινγκ των Υπηρεσιών, Συμπεριφορά Καταναλωτή στον Τομέα των Υπηρεσιών, Η Υπηρεσία (Προιόν), Η Τιμολόγηση των Υπηρεσιών, Προβολή των Υπηρεσιών, Η Διανομή των Υπηρεσιών, Οι Συμμετέχοντες, Στοχεία του Περβάλλοντος, Η Διαδικασία, Εσωτερικό Μάρκετινγκ, Το Μάρκετινγκ των Σχέσεων, Βιβλιογραφία, Πίνακες - Σχήματα. |
| 520 ## - SUMMARY, ETC. | |
| Summary, etc. | Η Εμφάνιση και Ανάπτυξη του Μάρκετινγκ των Υπηρεσιών, Συμπεριφορά Καταναλωτή στον Τομέα των Υπηρεσιών, Η Υπηρεσία (Προιόν), Η Τιμολόγηση των Υπηρεσιών, Προβολή των Υπηρεσιών, Η Διανομή των Υπηρεσιών, Οι Συμμετέχοντες, Στοχεία του Περβάλλοντος, Η Διαδικασία, Εσωτερικό Μάρκετινγκ, Το Μάρκετινγκ των Σχέσεων, Βιβλιογραφία, Πίνακες - Σχήματα. |
| 700 1# - ΠΡΟΣΘΕΤΗ ΑΝΑΓΡΑΦΗ--ΦΥΣΙΚΟ ΠΡΟΣΩΠΟ | |
| Personal name | Αθανασούλης Χρ. Κ |
| 9 (RLIN) | 6002 |
| 942 ## - ADDED ENTRY ELEMENTS (KOHA) | |
| Koha item type | Books |
| Τύπος τεκμηρίου | Βιβλιοθήκη | Τρέχουσα τοποθεσία | Barcode | Αριθμός εισαγωγής | Ημερομηνία απόκτησης | Ταξιθετικό σύμβολο | Αριθμός αντιτύπου | Κατάσταση απόσυρσης | Κατάσταση χαμένου | Κατάσταση κατεστραμμένου | Μη δανεισμός | Σύνολο δανεισμών | Ημερομηνία τελευταίας εμφάνισης | Η τιμή ισχύει από |
|---|---|---|---|---|---|---|---|---|---|---|---|---|---|---|
| Books | MC Athens Campus Library | MC Athens Campus Library | 9780000050830 | 5938 | 05/06/2025 | 658.8 ATH | 1 | 05/06/2025 | 05/06/2025 |